00578nam a2200193 a 4500020001800000082002600018100001600044245004400060260003600104300000900140500003500149505001000184650002400194650002400218700001600242942000700258952010400265999001500369 a0687098 00a200 CRIa291.0321 CRI aCrim, Keith aAbingdon Dictionary of Living Religions aNew YorkbAbingdon Press c1981 a830p aincludes index and biblioraphy2 aIndex aDictionary-Religion aReligion-Dictionary1 aCrim, Keith cBK 001040708REFaHMIbHMIcREFd2007-07-20g621.00l0o200 CRIp015082r2007-07-20w2026-01-16yBK c9683d9683